| 000 | 00511nam a22001817a 4500 | ||
|---|---|---|---|
| 003 | CEME | ||
| 005 | 20210628204027.0 | ||
| 008 | 210126b xxu||||| |||| 00| 0 eng d | ||
| 020 | _a1-58053-372-8 | ||
| 040 | _c. | ||
| 082 | _a620.00452 HEC | ||
| 100 |
_aHecht, Herbert _968318 |
||
| 245 | _aSystems reliability and failure prevention | ||
| 260 |
_aBOSTON _bARTECH HOUSE _c2004 |
||
| 300 | _aXI,230P | ||
| 650 |
_aRELIABILITY ENGINEERING, SYSTEM FAILURES (ENGINEERING) PREVENTION _968319 |
||
| 942 |
_cBK _2ddc |
||
| 999 |
_c575919 _d575919 |
||